00969nam a22001937a 450000500170000000800410001702000180005804000070007604100080008308200200009110000280011124500350013926000340017430000270020836500240023552004690025965000210072870000260074920220204095439.0220204b ||||| |||| 00| 0 eng d a9788184000160 cAL aeng 223a820.5bMUKG aRudranghsu Mukherjee Ed aGreat Speeches of Modern India aNew DelhibRandom Housec2007 ax,451 p.bHBc24x16 cm b395.00c₹d395.00 aThe great speeches of modern India tells the story of modern india through its speeches. Here are all the classics from tilak, gandhi, nehru, tagore, ambedkar, l.k. advani, manmohansingh, indira gandhi, and here are also some rare speeches — satyajit ray on cinema, vikram sethon his school days and godse’s defence of his assassination of gandhi. Stimulating, informative, andfull of rare gems, the great speeches of modern India is a must on every bookshelf. aEnglish Speeches aMUKHERJEE (Rudragshu)